Marvel Villains A-Z by Picture #3 - Statistics

General Stats
  • This quiz has been taken 84 times
  • The average score is 13 of 26
Answer Stats
Picture Answer % Correct
Mysterio
96%
Black Cat
94%
Electro
94%
Kingpin
94%
Dark Phoenix
84%
Crossbones
83%
Scorpion
80%
Leader
70%
Hydro-Man
68%
Prowler
65%
Jack O‘Lantern
61%
Titania
58%
Annihilus
55%
Radioactive Man
43%
Fenris
42%
Impossible Man
38%
Owl
36%
Giganto
33%
Wendigo
33%
Xorn
23%
Unus the Untouchable
20%
Quasimodo
16%
Nitro
13%
Vanisher
13%
Yon-Rogg
12%
Zarrko the Tomorrow Man
10%
No matching quizzes found
Score Distribution
Percent of People with Each Score
Percentile by Number Answered
Your Score History
You have not taken this quiz